ბათუმის შოთა რუსთაველის სახელმწიფო უნივერსიტეტის ბიბლიოთეკა

სომეხი ვაი-მეცნიერების ანტიქართული ისტერია / (ბიბ.ჩანაწერი № 60206)

000 -ლიდერი
ფიქსირებული სიგრძის საკონტროლო ველი 01166nam a22002297a 4500
003 - საკონტროლო ნომრის იდენტიფიკატორი
საკონტროლო ველი Ge_BSU
005 - ბოლო ოპერაციის თარიღი და დრო
საკონტროლო ველი 20230619112941.0
008 - ფიქსირებული სიგრძის მონაცემთა ელემენტები - ზოგადი ინფორმაცია
ფიქსირებული სიგრძის საკონტროლო ველი 230619s2005 ge ||||| |||| 00| 0 geo d
020 ## - წიგნის საერთაშორისო სტანდარტული ნომერი
International Standard Book Number 9994038109
041 ## - ენის კოდი
Language code of text/sound track or separate title geo
080 ## - უნივერსალური ათობითი კლასიფიკაციის ინდექსი
Universal Decimal Classification number 314(479.22) თ-68
100 ## - მთავარი ჩანაწერი - პიროვნების სახელი
Personal name თოთაძე, ანზორ
9 (RLIN) 18799
245 ## - ცნობა სათაურის შესახებ
Title სომეხი ვაი-მეცნიერების ანტიქართული ისტერია /
Statement of responsibility, etc ანზორ თოთაძე; [რედ.: მარიამ ლორთქიფანიძე].
264 ## - წარმოების, გამოცემის, დისტრიბუციის და სხვა ცნობები
გამოცემის, წარმოების, დისტრიბუციის... ადგილი თბილისი :
გამოცემის, წარმოების, დისტრიბუციის... სახელწოდება თბილ. უნ-ტის გამ-ბა,
გამოცემის, წარმოების, დისტრიბუციის... თარიღი 2005.
300 ## - ფიზიკური აღწერა
Extent 67გვ. ;
Other physical details 20სმ.
504 ## - BIBLIOGRAPHY, ETC. NOTE
Bibliography, etc ბიბლიოგრ. ტექსტ. შენიშვნ.
653 ## - INDEX TERM--UNCONTROLLED
Uncontrolled term მეცნიერების ფალსიფიკაცია.
653 ## - INDEX TERM--UNCONTROLLED
Uncontrolled term საქართველოს დემოგრაფი
653 ## - INDEX TERM--UNCONTROLLED
Uncontrolled term საქართველოს ისტორიის გაყალბება
700 ## - ADDED ENTRY--PERSONAL NAME
Personal name ლორთქიფანიძე, მარიამ
Relator term რედაქტორი
9 (RLIN) 18800
942 ## - ADDED ENTRY ELEMENTS (KOHA)
Source of classification or shelving scheme
Koha item type წიგნი
ეგზემპლარები
ჩამოწერის სტატუსი დაკარგული ეგზემპლარის სტატუსი კლასიფიკაციის წყარო ან თაროზე გაწყობის სქემა დაზიანების სტატუსი არ გაიცემა მუდმივი მდებარეობა (დაცვის ადგილი) ამჟამინდელი ადგილსამყოფელი თაროზე განთავსების ადგილი შეძენის თარიღი ღირებულება, შესყიდვის ნორმალური ფასი სრული შენახვის შიფრი შტრიხკოდი ბოლო ოპერაციის თარიღი ეგზემპლარის მიმდევრობითი ნომერი (კეტერი?) Uniform Resource Identifier ფასის ძალაში შესვლის თარიღი ეგზემპლარის სახეობა საჯარო შენიშვნა
          ბათუმის შოთა რუსთაველის სახელმწიფო უნივერსიტეტის მთავარი ბიბლიოთეკა ბათუმის შოთა რუსთაველის სახელმწიფო უნივერსიტეტის მთავარი ბიბლიოთეკა წიგნსაცავი 2023-06-19 4.00 314(479.22) თ-68 64692 2023-06-19 64692 ბსუ-ს საპატიო დოქტორის გურამ ლორთქიფანიძის საჩუქარი 2023-06-19 წიგნი 4 ლ.